000 00558nam a22001817a 4500
005 20251108165443.0
008 250721s1994 xx 000 0 ara d
082 1 4 _a955/خان
100 1 _aخان، ميرزا مهدي
245 1 0 _aدرة نادرة للإستيرابادي /
264 1 _aالقاهره :
_bالهيئة المصرية العامة للكتاب،
_c1994.
300 _a363ص
650 1 7 _aإيران
650 1 7 _aتاريخ إيران
700 1 _aرشاد، حاتم محمد
_eترجمة
942 _2ddc
_cBK
999 _c28292
_d28292